Les maximes de Ptaḥḥotep /

محفوظ في:

مؤلفون آخرون: Žába, Zbyněk (ed. and tr.)

التنسيق: كتاب

اللغة: French

منشور في: Prague : Éditions de l'Académie Tchécoslovaque des Sciences, 1956.

الموضوعات:

الوسوم: إضافة وسم

لا توجد وسوم, كن أول من يضع وسما على هذه التسجيلة!

رقم الطلب: PJ1731 .P9 A18

LEADER 00780nam a22002297a 4500
003 OSt
005 20251027100731.0
008 251027t1956 cs 000 0 fre d
040 |c ARCE Library 
050 1 4 |a PJ1731 .P9  |b A18 
130 0 |a Ptah-hstep. 
245 0 4 |a Les maximes de Ptaḥḥotep /   |c [Texte, traduction et commentaire] par Zbyněk Žába. 
264 1 |a Prague :   |b Éditions de l'Académie Tchécoslovaque des Sciences,   |c 1956. 
300 |a 176 p. ;   |c 30 cm. 
500 |a On leaf preceding t.p.: Československá Akademie Věd. Sekce jazyka a literatury. 
504 |a Bibliography: p. 172-176. 
650 0 |a  Manuscripts (Papyri, Hieratic). 
650 0 |a Maxims. 
700 1 |a Žába, Zbyněk,   |e ed. and tr. 
901 |a reviewed 
942 |2 lcc  |c BK 
999 |c 50362  |d 50362